| 000 | 00484pab a2200193 454500 | ||
|---|---|---|---|
| 008 | 180718b2011 xxu||||| |||| 00| 0 eng d | ||
| 100 | _aRenwick, Alan | ||
| 245 | _aThe expenses scandal and the politics of electoral reform | ||
| 260 | _c2011 | ||
| 300 | _ap.32-41. | ||
| 362 | _aJan-Mar | ||
| 650 | _aElections - Great Britain | ||
| 650 | _aElections | ||
| 700 | _aNuman, Berna | ||
| 700 | _aLamb, Michael | ||
| 773 | _aPolitical Quarterly | ||
| 908 | _aN | ||
| 909 | _a91665 | ||
| 999 |
_c91665 _d91665 |
||